| 000 | 01295nam a22002417a 4500 | ||
|---|---|---|---|
| 999 |
_c58994 _d58994 |
||
| 003 | Ge_BSU | ||
| 005 | 20250408134601.0 | ||
| 008 | 221027s2003 ge ||||| |||| 00| 0 geo d | ||
| 020 | _a9992806451 | ||
| 041 | _ageo | ||
| 080 | _a352 + 005.21 გ-70 | ||
| 100 |
_aგორდონი, ჯერალდ _915607 |
||
| 245 |
_aსტრატეგიული დაგეგმვა ადგილობრივი მმართველობისათვის / _c[მთარგმნ.: მირანდა ბერიშვილი; რედ.: მაკა იოსელიანი, თამარ სულუხია]. |
||
| 264 |
_aთბილისი : _bსაქ. საზ. საქმ. ინ-ტი, _c2003. |
||
| 300 |
_a200 გვ. ; _b20 სმ. |
||
| 653 | _aადგილობრივი მმართველობა | ||
| 653 | _aმენეჯმენტი | ||
| 653 | _aსტრატეგიული მართვა | ||
| 700 |
_aბერიშვილი, მირანდა _eმთარგმნელი _915608 |
||
| 700 |
_aიოსელიანი, მაკა _eრედაქტორი _915609 |
||
| 700 |
_aსულუხია, თამარ _eრედაქტორი _9987 |
||
| 942 |
_2udc _cBK |
||